000 00487nmm a2200157Ia 4500
008 251105s9999||||xx |||||||||||||||||und||
020 _a9789681685591
041 _aspa
100 _aIbargüengoitia, Jorge
245 0 _aEl niño Triclinio y la bella Dorotea
264 _a[México D.C., Mexico] :
_bFondo de Cultura Económica,
_c2008
300 _a31 páginas
650 _aTeen & Young Adult Non Fiction
856 _uhttps://public.digitaliapublishing.com/a/161856
942 _cCF
999 _c97106
_d97106